<?xml version="1.0" encoding="UTF-8"?>
<collection xmlns="http://www.loc.gov/MARC21/slim">
 <record>
  <leader>06420nam a2200337 a 4500</leader>
  <controlfield tag="001">kal5391</controlfield>
  <controlfield tag="003">Gr-AtHEAL</controlfield>
  <controlfield tag="005">20160422111829.0</controlfield>
  <controlfield tag="006">m        d        </controlfield>
  <controlfield tag="008">160413s2015    gr      s           gre|c</controlfield>
  <datafield tag="020" ind1=" " ind2=" ">
   <subfield code="a">9789606034862</subfield>
  </datafield>
  <datafield tag="040" ind1=" " ind2=" ">
   <subfield code="a">GR-AtHEAL</subfield>
   <subfield code="b">gre</subfield>
   <subfield code="c">GR-AtHEAL</subfield>
  </datafield>
  <datafield tag="082" ind1="0" ind2="4">
   <subfield code="a">658.5</subfield>
   <subfield code="2">23</subfield>
  </datafield>
  <datafield tag="100" ind1="1" ind2=" ">
   <subfield code="a">Μαλινδρέτος, Γεώργιος.</subfield>
   <subfield code="8">1437</subfield>
  </datafield>
  <datafield tag="245" ind1="1" ind2="0">
   <subfield code="a">Εφοδιαστική αλυσίδα, logistics και εξυπηρέτηση πελατών</subfield>
   <subfield code="h">[Ηλεκτρονικός πόρος] </subfield>
   <subfield code="c">Μαλινδρέτος, Γεώργιος ; Κριτικός αναγνώστης,Ιακώβου, Ελευθέριος ; Γραφιστική και Τεχνική επιμέλεια,Κουμαρτζής, Νικόλαος ; Γλωσσική επιμέλεια,Καλλιάρας, Δημήτρης.</subfield>
  </datafield>
  <datafield tag="260" ind1=" " ind2=" ">
   <subfield code="a">Αθήνα :</subfield>
   <subfield code="b">Σύνδεσμος Ελληνικών Ακαδημαϊκών Βιβλιοθηκών,</subfield>
   <subfield code="c">c2015.</subfield>
  </datafield>
  <datafield tag="490" ind1=" " ind2=" ">
   <subfield code="a">Ακαδημαϊκά Ηλεκτρονικά Συγγράμματα και Βοηθήματα Κάλλιπος</subfield>
   <subfield code="8">40</subfield>
  </datafield>
  <datafield tag="505" ind1=" " ind2=" ">
   <subfield code="a">1. Iστορική επισκόπηση και βασικές έννοιες της Εφοδιαστικής 2. Ποιοτική Εξυπηρέτηση Πελατών και Εφοδιαστική 3. Πολιτική Ποιοτικής Εξυπηρέτησης των Πελατών 4. Στρατηγικός σχεδιασμός Εφοδιαστικής Αλυσίδας 5. Οργάνωση και διαχείριση Αποθηκευτικών Κέντρων 6. Διαχείριση αποθεμάτων και προμηθειών 7. Σχεδιασμός Μεταφορικών συστημάτων 8. Φυσική διαχείριση προϊόντων, Ιχνηλασιμότητα και Πληροφορική στην εφοδιαστική αλυσίδα 9. Βιωσιμότητα και εφοδιαστική αλυσίδα 10. Η αγροδιατροφική αλυσίδα - Food Logistics 11. Αστικές Εμπορευματικές Μεταφορές (City Logistics) 12. Logistics στον Δημόσιο Τομέα και Νέα Δημόσια Διοίκηση</subfield>
  </datafield>
  <datafield tag="520" ind1=" " ind2=" ">
   <subfield code="a">Το βιβλιο απευθύνεται σε προπτυχιακούς και μεταπτυχιακούς σπουδαστές αλλά και σε επαγγελματίες που επιθυμούν να εμβαθύνουν τόσο στο θεωρητικό υπόβαθρο της επιστήμης της Εφοδιαστικής Αλυσίδας όσο και σε πρακτικά παραδείγματα εφαρμογής της, στο νέο σύγχρονο περιβάλλον των απαιτήσεων για Βιωσιμότητα και αειφορία. Η Εφοδιαστική (Logistics) ως επιστήμη, περιλαμβάνει τη διακίνηση και διαχείριση των προϊόντων από την παραγωγή έως την κατανάλωση, με το μικρότερο δυνατό κόστος (ελαχιστοποίηση κόστους). Η ανάγκη γι΄ αυτό εντάθηκε από την ανάπτυξη ανταγωνιστικών συνθηκών μεταξύ των επιχειρήσεων στο να παράγουν ανταγωνιστικά προϊόντα (ποιότητα, τιμές, λειτουργικότητα, κτλ.) καθώς και υπηρεσίες εξυπηρέτησης των πελατών– καταναλωτών. Από το αντικείμενο της Εφοδιαστικής, φαίνεται σαφώς ότι πρόκειται ουσιαστικά για μια μέθοδο διοίκησης (management), που είναι γνωστή ως “Μάνατζμεντ της Εφοδιαστικής Αλυσίδας (Supply Chain Management: SCM). Βασικό αντικείμενο του βιβλίου θα αποτελέσουν ενδεικτικά ΣΧΕΔΙΑΣΜΟΣ ΚΑΙ ΟΡΓΑΝΩΣΗ LOGISTICS ΚΑΙ EΞΥΠΗΡΕΤΗΣΗΣ ΠΕΛΑΤΩΝIστορική επισκόπηση και βασικές έννοιες της Εφοδιαστικής Αλυσίδας Εννοιολογικές προσεγγίσεις και διαστάσεις της Εξυπηρέτησης των ΠελατώνΠρακτικές προσθήκης αξίας στους πελάτες από τις επιχειρήσεις - Πολιτικές ΕξυπηρέτησηςΔιαχείριση αποθεμάτων και προμηθειών Οργάνωση και διαχείριση Αποθηκευτικών Κέντρων Σχεδιασμός Μεταφορικών συστημάτων (Μέσα μεταφοράς, Συνδυασμένες Μεταφορές)Στρατηγικός σχεδιασμός Εφοδιαστικής Αλυσίδας Συσκευασία, Κωδικοποίηση Προϊόντων και Ιχνηλασιμότητα Πληροφοριακά συστήματα υποστήριξης Εφοδιαστικής Αλυσίδας EΙΔΙΚΑ ΘΕΜΑΤΑ ΕΦΟΔΙΑΣΤΙΚΗΣ Βιωσιμότητα και εφοδιαστική αλυσίδα - Green and Reverse Logistics Αξιολόγηση Βιωσιμότητας Εφοδιαστικών Αλυσίδων Αστικές Εμπορευματικές Μεταφορές (City Logistics) στις 'έξυπνες πόλεις' ('Smart Cities')Η αγροδιατροφική αλυσίδα - Food Logistics Εφαρμογές Logistics στο Δημόσιο Τομέα</subfield>
  </datafield>
  <datafield tag="650" ind1=" " ind2="0">
   <subfield code="a">Business logistics</subfield>
   <subfield code="x">Management. </subfield>
   <subfield code="8">2276</subfield>
  </datafield>
  <datafield tag="653" ind1=" " ind2=" ">
   <subfield code="a">Βιωσιμότητα</subfield>
  </datafield>
  <datafield tag="653" ind1=" " ind2=" ">
   <subfield code="a">Δίκτυα διανομής</subfield>
  </datafield>
  <datafield tag="653" ind1=" " ind2=" ">
   <subfield code="a">Εξυπηρέτηση πελατών</subfield>
  </datafield>
  <datafield tag="653" ind1=" " ind2=" ">
   <subfield code="a">Εφοδιαστική αλυσίδα</subfield>
  </datafield>
  <datafield tag="653" ind1=" " ind2=" ">
   <subfield code="a">Οικονομικές επιστήμες</subfield>
  </datafield>
  <datafield tag="700" ind1="1" ind2=" ">
   <subfield code="a">Ιακώβου, Ελευθέριος</subfield>
   <subfield code="e">Κριτικός αναγνώστης</subfield>
   <subfield code="8">1438</subfield>
  </datafield>
  <datafield tag="856" ind1="4" ind2="0">
   <subfield code="u">http://hdl.handle.net/11419/5391</subfield>
   <subfield code="z">Πλήρες Κείμενο - Full text</subfield>
  </datafield>
  <datafield tag="907" ind1=" " ind2=" ">
   <subfield code="a">.b25681485</subfield>
   <subfield code="b">12-06-18</subfield>
   <subfield code="c">29-07-16</subfield>
  </datafield>
  <datafield tag="949" ind1=" " ind2=" ">
   <subfield code="0">0</subfield>
   <subfield code="1">0</subfield>
   <subfield code="2">ddc</subfield>
   <subfield code="4">0</subfield>
   <subfield code="6">658_500000000000000_ΜΑΛ</subfield>
   <subfield code="7">0</subfield>
   <subfield code="8">KALL</subfield>
   <subfield code="8">907</subfield>
   <subfield code="d">2016-04-13</subfield>
   <subfield code="r">2016-04-13</subfield>
   <subfield code="w">2016-04-13</subfield>
   <subfield code="z">658.5 ΜΑΛ</subfield>
   <subfield code="o">SEAB KALLIPOS</subfield>
  </datafield>
  <datafield tag="998" ind1=" " ind2=" ">
   <subfield code="a">80</subfield>
   <subfield code="a">01</subfield>
   <subfield code="a">02</subfield>
   <subfield code="a">03</subfield>
   <subfield code="a">04</subfield>
   <subfield code="a">05</subfield>
   <subfield code="a">06</subfield>
   <subfield code="a">07</subfield>
   <subfield code="a">08</subfield>
   <subfield code="a">09</subfield>
   <subfield code="a">10</subfield>
   <subfield code="a">11</subfield>
   <subfield code="a">12</subfield>
   <subfield code="a">13</subfield>
   <subfield code="a">14</subfield>
   <subfield code="a">15</subfield>
   <subfield code="a">16</subfield>
   <subfield code="a">17</subfield>
   <subfield code="a">18</subfield>
   <subfield code="a">19</subfield>
   <subfield code="a">20</subfield>
   <subfield code="a">21</subfield>
   <subfield code="a">22</subfield>
   <subfield code="a">23</subfield>
   <subfield code="a">24</subfield>
   <subfield code="a">25</subfield>
   <subfield code="a">26</subfield>
   <subfield code="b">29-05-17</subfield>
   <subfield code="c">m</subfield>
   <subfield code="d">z  </subfield>
   <subfield code="e">-</subfield>
   <subfield code="f">gre</subfield>
   <subfield code="g">gr </subfield>
   <subfield code="h">0</subfield>
  </datafield>
  <datafield tag="942" ind1=" " ind2=" ">
   <subfield code="2">ddc</subfield>
   <subfield code="c">KALLIPOS</subfield>
  </datafield>
 </record>
</collection>
